Cronología de los sucesos más memorables ocurridos en todo el ámbito de la monarquía española (Record no. 162544)

MARC details
000 -LEADER
campo de control de longitud fija 00617nam a22001575i 4500
001 - NÚMERO DE CONTROL
campo de control 162544
003 - IDENTIFICADOR DE NÚMERO DE CONTROL
campo de control ES-MaACL
005 - FECHA Y HORA DE LA ÚLTIMA TRANSACCIÓN
campo de control 20230906212541.0
008 - DATOS DE LONGITUD FIJA--INFORMACIÓN GENERAL
campo de control de longitud fija 940301s1836 sp |||| | spa d
040 ## - FUENTE DE CATALOGACIÓN
Centro catalogador/agencia de origen AS
Lengua de catalogación spa
100 1# - ENTRADA PRINCIPAL--NOMBRE DE PERSONA
Nombre de persona Presas, José.
9 (RLIN) 131352
245 10 - MENCIÓN DEL TÍTULO
Título Cronología de los sucesos más memorables ocurridos en todo el ámbito de la monarquía española
Resto del título : desde el año 1759 hasta 1836 /
Mención de responsabilidad, etc. por José Presas.
260 ## - PUBLICACIÓN, DISTRIBUCIÓN, ETC.
Lugar de publicación, distribución, etc. Madrid :
Nombre del editor, distribuidor, etc. [s.n.],
Fecha de publicación, distribución, etc. 1836 (
Fabricante Imprenta de don M. Calero)
300 ## - DESCRIPCIÓN FÍSICA
Extensión XV, 177 p. ;
Dimensiones 16 cm.
852 ## - LOCALIZACIÓN
Ubicación ES-MaACL
Número de control de estantería D-3835(1)
Nota libre -- Enc. piel verde
-- -- Legado de Modesto de la Fuente
Holdings
Estatus retirado Estado de pérdida Estado de daño No para préstamo Colección Biblioteca de origen Biblioteca actual Ubicación en estantería Fecha de adquisición Fuente de adquisición Total de préstamos Signatura topográfica completa Código de barras Visto por última vez Precio de reemplazo Tipo de ítem Koha
        Libros del s. XIX Biblioteca del Ateneo de Madrid Biblioteca del Ateneo de Madrid Sala Valle Inclán 17/01/2008     D-3835(1) 901170285 23/02/2023 23/02/2023 Libro impreso antiguo